| 000 | 00413nam a2200145Ia 4500 | ||
|---|---|---|---|
| 008 | 220216s9999 xx 000 0 und d | ||
| 100 | _aSukla N K | ||
| 245 | 0 | _aHevea brasiliensis (Rubber wood) : Its strength properties and utilization | |
| 260 |
_bRubber Board Bulletin _c1990 |
||
| 300 | _a25-29 | ||
| 650 | _aHevea brasiliensis | ||
| 650 | _aRubber wood | ||
| 650 | _aRubber wood utilization | ||
| 942 | _cJS | ||
| 999 |
_c60299 _d60299 |
||